000 00367nam a2200157Ia 4500
008 230524s9999 xx 000 0 und d
082 _a4
_bHUB
100 _aJohn R.Hubband
_915126
245 0 _aProgramming with JAVA
250 _a2ND
260 _aNEW DELHI
_bTMH
_c2004
300 _aXII;345
500 _aQuantity Number: 1
650 _aComp-Sc
942 _cBK
999 _c22638
_d22638